00627nam a22002057a 450000500170000001000130001702000220003003500130005203700160006504000120008108200150009310000210010824500680012926000450019727000420024230000260028450000510031065000250036165000350038620170124110003.0 aA-541128 c00.00a8170244536 aA-541128 bCen Lib/Ret aDPLbEN a363.7bAST aAsthana, Vandana aThe Politics of environment :cby Vandana Asthana ba profile / aNew DelhibAshish Publishing Housec1992 a8/18, Punjabi BaghbNew Delhie110026 avii,188p. :c22cm(Hb) aIncludes bibliographical references and index. aEnvironmental policy aEnvironmental policy in India